| 000 | 02761nam0a2200373 4500 | ||
|---|---|---|---|
| 001 | RU\NLR\BIBL_A\022606696 | ||
| 005 | 20260420052411.0 | ||
| 010 |
_a978-5-93190-448-1 _968 |
||
| 021 |
_aRU _bКН-П-25-038741 _9КН-П-25-3790 |
||
| 035 | _a(NLR Aleph) 022606696 | ||
| 090 |
_a13682476 _c13682476 |
||
| 100 | _a20250821d2025 k y0rusy50 ca | ||
| 101 | 0 |
_arus _deng |
|
| 102 | _aRU | ||
| 105 | _aa z 100yy | ||
| 181 | 0 |
_ai _baxxe |
|
| 182 | 0 | _an | |
| 200 | 1 |
_aЦифровые инструменты в образовании _eсборник статей по материалам III всероссийской научно-практической конференции, 5 апреля 2025 года _fДепартамент образования и науки Ханты-Мансийского автономного округа – Югры, Бюджетное учреждение высшего образования Ханты-Мансийского автономного округа – Югры "Сургутский государственный педагогический университет", Кафедра высшей математики и информатики _gответственный редактор: А. В. Иванова, кандидат педагогических наук, доцент |
|
| 203 |
_aТекст _bвизуальный _cнепосредственный |
||
| 210 |
_aСургут _cРИО БУ "Сургутский государственный педагогический университет" _d2025 |
||
| 215 |
_a245 с. _cцв. ил., табл. _d29 |
||
| 300 | _aРез. англ. | ||
| 300 | _aКн. содержит QR-коды ссылок на доп. информ. | ||
| 320 | _aБиблиогр. в конце ст. | ||
| 606 | 1 |
_aЦифровая дидактика _jСъезды, совещания и т.п _92674685 _3RU\NLR\AUTH\6601759089 |
|
| 686 | 1 | _aЧ312с51я431 | |
| 702 | 1 |
_4340 _7ca _8rus _aИванова _bА. В. _cканд. пед. наук _gАнгелина Валерьевна _92642116 _3RU\NLR\AUTH\770272233 |
|
| 711 | 1 | 2 |
_a"Цифровые инструменты в образовании", всероссийская научно-практическая конференция _d3 _eСургут _f2025 _92674438 _3RU\NLR\AUTH\880630244 |
| 712 | 0 | 2 |
_4570 _aСургутский государственный педагогический университет _bКафедра высшей математики и информатики _9842042 _3RU\NLR\AUTH\880588097 |
| 942 | _cBOOK | ||
| 980 | _aNB | ||